| 000 | 00664nam a2200229 a 4500 | ||
|---|---|---|---|
| 001 | 17643 | ||
| 003 | CO-ViMGA | ||
| 008 | 141112s2004 ck r 000 u spa d | ||
| 020 | _a9583006726 | ||
| 040 |
_aCO-ViMGA _bspa _cCO-ViMGA |
||
| 082 | 0 | 4 | _a861.3 E724a |
| 100 | 1 |
_aErcilla y Zuñiga, Alonso de _925028 |
|
| 245 | 1 | 0 | _aLa Araucana |
| 260 |
_aBogotá, _cPanAméricana, _c2001 |
||
| 300 | _a796.p. | ||
| 590 | _aForma de adquisición : Premio - Mincultura | ||
| 650 | 1 | 4 |
_aCHILE - HISTORIA - COLONIA _925029 |
| 650 | 1 | 4 |
_aGUERRA DE ARAUCO 1541 - 1482 - POESIAS _925030 |
| 650 | 1 | 4 |
_aINDIGENAS DE ARAUCA _925031 |
| 650 | 1 | 4 | _aPOESIA ESPAÑOLA |
| 942 |
_2ddc _cBK |
||
| 999 |
_c2904 _d2904 |
||